[Event "Team men HL chess"]
[Site "?"]
[Date "2015.05.03"]
[Round "3.5"]
[White "Konaplev, Anton"]
[Black "Pogosian, Manvel"]
[Result "0-1"]
[WhiteElo "2294"]
[BlackElo "2378"]
[PlyCount "186"]
[EventDate "2015.05.01"]

1. c4 c6 2. e4 d5 3. exd5 cxd5 4. d4 Nf6 5. Nc3 g6 6. Qb3 Bg7 7. cxd5 O-O 8.
Be2 Na6 9. Bf3 b5 10. Nxb5 Rb8 11. a4 Nc7 12. Bf4 Nfe8 13. Qc4 Nxb5 14. axb5
Nd6 15. Bxd6 exd6 16. Ne2 Bd7 17. Nc3 Re8+ 18. Be2 Qh4 19. O-O Rbc8 20. Qd3
Qxd4 21. Rfc1 Qb4 22. Qd2 Rc7 23. Bf1 Rec8 24. Qe2 Rc5 25. Rxa7 Bxb5 26. Qe7
Be8 27. Rb7 Qf4 28. Ne2 Qe5 29. Rxc5 Rxc5 30. Qd8 Bf6 31. Qa8 Rc2 32. Rb8 Kf8
33. Ng3 Qe1 34. Qa7 Rxb2 35. Rxb2 Bxb2 36. Qe3 Qd1 37. Qd3 Qa1 38. Ne4 Be5 39.
Qa6 Qxa6 40. Bxa6 f5 41. Ng5 h6 42. Ne6+ Ke7 43. f4 Bc3 44. Kf2 Ba4 45. Bc4 Bc2
46. h3 Be4 47. Kf1 Ba5 48. Nd4 Bb6 49. Nb5 g5 50. fxg5 hxg5 51. Nc3 Bc2 52. Ke2
Ba5 53. Nb5 Be4 54. Nd4 Bb6 55. Nf3 Kf6 56. g4 fxg4 57. hxg4 Bg6 58. Bb5 Be4
59. Bc4 Bc5 60. Bb3 Ba3 61. Bc4 Bc1 62. Bb3 Ke7 63. Nd4 Bf4 64. Bc4 Bc1 65.
Nf5+ Kd7 66. Ng3 Bc2 67. Kf3 Kc7 68. Ne2 Bb2 69. Ke3 Kb6 70. Ng3 Kc5 71. Ba2
Bc1+ 72. Ke2 Bf4 73. Nf5 Kb4 74. Nd4 Be4 75. Ne6 Bc1 76. Nd4 Bb2 77. Nf3 Bc1
78. Nd4 Bf4 79. Ne6 Kc3 80. Nc7 Bd3+ 81. Kf3 Kb2 82. Ne6 Bc1 83. Nd4 Kxa2 84.
Nf5 Bf4 85. Nd4 Kb2 86. Ne6 Bc1 87. Nd4 Kc3 88. Nc6 Bf4 89. Nd8 Kd4 90. Ne6+
Ke5 91. Nc7 Be4+ 92. Ke2 Bxd5 93. Ne8 Bc4+ 0-1

[Event "Team men HL chess"]
[Site "?"]
[Date "2015.05.03"]
[Round "3.5"]
[White "Kalugin, Sergey G"]
[Black "Khoroshilov, Nikita"]
[Result "1/2-1/2"]
[WhiteElo "2389"]
[BlackElo "2263"]
[PlyCount "34"]
[EventDate "2015.05.01"]

1. e4 d6 2. d4 Nf6 3. Nc3 g6 4. Nf3 Bg7 5. Be3 c6 6. Qd2 O-O 7. h3 Nbd7 8. a4
e5 9. dxe5 dxe5 10. Bc4 Qe7 11. O-O Nc5 12. Bxc5 Qxc5 13. Bb3 Nh5 14. Ne2 Nf6
15. Nc3 Nh5 16. Ne2 Nf6 17. Nc3 Nh5 1/2-1/2

[Event "Team men HL chess"]
[Site "?"]
[Date "2015.05.03"]
[Round "3.6"]
[White "Smirnov, Alexey"]
[Black "Alexeev, Alexey"]
[Result "1/2-1/2"]
[WhiteElo "2482"]
[BlackElo "2320"]
[PlyCount "106"]
[EventDate "2015.05.01"]

1. d4 Nf6 2. c4 g6 3. Nf3 Bg7 4. Nc3 O-O 5. e4 d6 6. Be2 e5 7. O-O Nc6 8. d5
Ne7 9. Ne1 Nd7 10. Be3 f5 11. f3 f4 12. Bf2 g5 13. Rc1 Ng6 14. c5 Nxc5 15. b4
Na6 16. Nb5 Rf7 17. Nxa7 Nxb4 18. Qb3 Na6 19. a4 b6 20. Nxc8 Qxc8 21. Nd3 Qf8
22. Rc3 Bf6 23. Ra1 g4 24. fxg4 Bh4 25. g3 fxg3 26. hxg3 Bg5 27. Rf1 Qh6 28.
Kg2 Raf8 29. Qc4 Nb8 30. Ne1 Rxf2+ 31. Rxf2 Bd2 32. Rxf8+ Nxf8 33. Nf3 Bxc3 34.
Qxc3 Nbd7 35. Qxc7 Qe3 36. Bb5 Nf6 37. Qc2 Nxe4 38. Bd3 Nc5 39. Bf5 Kf7 40. Nh4
e4 41. g5 Ng6 42. Qf2 Qxf2+ 43. Kxf2 Nxa4 44. Be6+ Kf8 45. Nf5 Ne7 46. Nxd6 Nc3
47. Ke3 Ncxd5+ 48. Kxe4 Nc7 49. Bc4 Kg7 50. Bd3 Ne6 51. Ne8+ Kf8 52. Nf6 Nxg5+
53. Kf4 h6 1/2-1/2

[Event "Team men HL chess"]
[Site "?"]
[Date "2015.05.03"]
[Round "3.6"]
[White "Triapishko, Olexandr"]
[Black "Pakhomov, Alexey"]
[Result "1-0"]
[WhiteElo "2393"]
[BlackElo "2362"]
[PlyCount "101"]
[EventDate "2015.05.01"]

1. e4 c5 2. Nf3 a6 3. c4 Nc6 4. d4 cxd4 5. Nxd4 Qc7 6. Nc3 e6 7. a3 Nf6 8. Be3
Ne5 9. Be2 b6 10. f4 Nc6 11. e5 Ng8 12. Nxc6 dxc6 13. O-O Nh6 14. Ne4 Nf5 15.
Bf2 Bb7 16. c5 bxc5 17. Nxc5 Be7 18. Qb3 Rb8 19. Rfd1 Bc8 20. Qc3 a5 21. g4 Nh4
22. Ne4 O-O 23. Rd2 a4 24. Nc5 Ng6 25. Qc4 Qa5 26. Rc2 Rd8 27. Rac1 Ra8 28. Be3
Rd5 29. Ne4 c5 30. Nc3 Ba6 31. Qe4 Rdd8 32. f5 Nf8 33. Rf1 Bxe2 34. Rxe2 c4 35.
Qf4 Bc5 36. Ne4 Bxe3+ 37. Rxe3 Qa7 38. Nd6 exf5 39. gxf5 Rab8 40. Rf2 Qc5 41.
Rg3 Rxd6 42. exd6 Rxb2 43. Rxg7+ Kh8 44. Rg4 c3 45. Qd4+ Qxd4 46. Rxd4 c2 47.
Rc4 Rb1+ 48. Rf1 Rd1 49. Rxc2 Rxd6 50. Rc8 Kg8 51. f6 1-0

[Event "Team men HL chess"]
[Site "?"]
[Date "2015.05.03"]
[Round "3.6"]
[White "Draganov, Ruslan"]
[Black "Gritsayeva, Oksana"]
[Result "0-1"]
[WhiteElo "2193"]
[BlackElo "2328"]
[PlyCount "66"]
[EventDate "2015.05.01"]

1. d4 g6 2. e4 Bg7 3. Nf3 d6 4. c4 Bg4 5. Be2 Bxf3 6. Bxf3 Nc6 7. d5 Nd4 8. Bg4
e5 9. dxe6 Nxe6 10. O-O Ne7 11. f4 Nc5 12. Nc3 O-O 13. f5 Nc6 14. Nd5 Re8 15.
f6 Bf8 16. b4 Ne6 17. h4 Ne5 18. h5 c6 19. hxg6 hxg6 20. Nf4 Nxg4 21. Nxg6 Nxf6
22. Nxf8 Nxf8 23. Bb2 N8h7 24. Qd2 Re6 25. Qh6 Ne8 26. Qh5 Qe7 27. Rf3 Ng7 28.
Bxg7 Kxg7 29. Raf1 Rf8 30. Rh3 Rh8 31. Rhf3 Ng5 32. Qg4 Rg6 33. Rf4 Nh3+ 0-1

[Event "Team men HL chess"]
[Site "?"]
[Date "2015.05.03"]
[Round "3.6"]
[White "Vasilevich, Tatjana"]
[Black "Romanenkov, Aleksandr"]
[Result "1-0"]
[WhiteElo "2404"]
[BlackElo "2123"]
[PlyCount "95"]
[EventDate "2015.05.01"]

1. d4 Nf6 2. c4 e5 3. dxe5 Ng4 4. e3 Nxe5 5. Nh3 g6 6. Nf4 Bg7 7. Be2 O-O 8.
O-O d6 9. Nc3 a5 10. Qc2 Na6 11. b3 Re8 12. Bb2 Nc5 13. Rad1 Nc6 14. Qd2 Ne5
15. f3 Bf8 16. Nb5 Bd7 17. Bc3 b6 18. Ba1 Bc6 19. Kh1 Bb7 20. Nd4 c6 21. a3 Qc7
22. b4 axb4 23. axb4 Ncd7 24. Nh3 Nf6 25. e4 d5 26. cxd5 cxd5 27. Nb5 Qe7 28.
f4 Nxe4 29. Qd4 Rxa1 30. Rxa1 Nd7 31. Ra7 Rb8 32. Rb1 Ng3+ 33. hxg3 Qxe2 34.
Nc3 Qc2 35. Ra2 Qf5 36. g4 Qxg4 37. Nxd5 Bg7 38. Qd1 Qe6 39. Rd2 Kh8 40. Ng5
Qf5 41. Ne7 Qxf4 42. Qg4 Be5 43. Qxf4 Bxf4 44. Nxf7+ Kg7 45. Rxd7 Kxf7 46. Nc6+
Ke8 47. Nxb8 Bc8 48. Re1+ 1-0

[Event "Team men HL chess"]
[Site "?"]
[Date "2015.05.03"]
[Round "3.7"]
[White "Iljin, Artem"]
[Black "Grishchenko, Sergey"]
[Result "1-0"]
[WhiteElo "2537"]
[BlackElo "2441"]
[PlyCount "45"]
[EventDate "2015.05.01"]

1. Nf3 d5 2. g3 c5 3. Bg2 Nc6 4. O-O Nf6 5. d3 g6 6. Nc3 Bg7 7. a3 O-O 8. Rb1
d4 9. Na4 Qd6 10. c4 dxc3 11. Nxc3 Bf5 12. b4 c4 13. e4 Bg4 14. dxc4 Qe6 15.
Nd5 Qxe4 16. Qb3 Bf5 17. Bg5 Qd3 18. Rfe1 b5 19. Bxf6 exf6 20. cxb5 Qxb5 21.
Nc7 Qb8 22. Nxa8 Bxb1 23. Qxb1 1-0

[Event "Team men HL chess"]
[Site "?"]
[Date "2015.05.03"]
[Round "3.7"]
[White "Potapov, Alexey"]
[Black "Rodchenkov, Sergey D"]
[Result "1/2-1/2"]
[WhiteElo "2390"]
[BlackElo "2355"]
[PlyCount "74"]
[EventDate "2015.05.01"]

1. Nf3 d5 2. g3 c6 3. Bg2 Bg4 4. d3 Nd7 5. h3 Bh5 6. Nc3 e5 7. e4 dxe4 8. dxe4
Bb4 9. Bd2 Ngf6 10. Qe2 a5 11. a3 Be7 12. O-O O-O 13. Be3 b5 14. g4 Bg6 15. Nd2
a4 16. Rfd1 Qc7 17. Nf1 Nb6 18. Ng3 Nfd7 19. Nf5 Bc5 20. Bf1 Rfd8 21. Rd2 Bf8
22. Qf3 Nc5 23. Rad1 Rxd2 24. Rxd2 Ne6 25. Qg3 f6 26. g5 Nxg5 27. Bxg5 fxg5 28.
Qxg5 Kh8 29. Nd1 Re8 30. Nde3 Nd7 31. Ng4 Nc5 32. Qe3 Ne6 33. Qg3 Nc5 34. Qe3
Ne6 35. Qg3 Nc5 36. Qe3 Ne6 37. Qg3 Nc5 1/2-1/2

[Event "Team men HL chess"]
[Site "?"]
[Date "2015.05.03"]
[Round "3.7"]
[White "Gerasimov, Ivan"]
[Black "Benza, Artem"]
[Result "1-0"]
[WhiteElo "2329"]
[BlackElo "2369"]
[PlyCount "43"]
[EventDate "2015.05.01"]

1. e4 e6 2. d4 d5 3. Nd2 c5 4. exd5 Qxd5 5. Ngf3 cxd4 6. Bc4 Qd6 7. O-O Nf6 8.
Nb3 Nc6 9. Nbxd4 Nxd4 10. Nxd4 a6 11. Re1 Qc7 12. Bb3 Bd6 13. Nf5 Bxh2+ 14. Kh1
O-O 15. Nxg7 Rd8 16. Qf3 Kxg7 17. Bh6+ Kg6 18. c3 Nh5 19. Be3 f5 20. Bc2 Bd7
21. Qg4+ Kf6 22. Qg5+ 1-0

[Event "Team men HL chess"]
[Site "?"]
[Date "2015.05.03"]
[Round "3.7"]
[White "Pogosian, Georgy"]
[Black "Torbin, Kirill"]
[Result "0-1"]
[WhiteElo "2232"]
[BlackElo "2372"]
[PlyCount "62"]
[EventDate "2015.05.01"]

1. d4 d5 2. Nf3 Nf6 3. c4 dxc4 4. e3 e6 5. Bxc4 a6 6. O-O c5 7. Bb3 Nc6 8. Nc3
cxd4 9. exd4 Na5 10. Bc2 b5 11. Re1 Bb7 12. Bg5 Be7 13. Qd3 Rc8 14. Ne5 Nd5 15.
Qf3 O-O 16. Qh3 f5 17. Bxe7 Qxe7 18. Nxd5 Bxd5 19. Bb3 Nxb3 20. axb3 Qb4 21.
Nd7 Rfd8 22. Nc5 Qxd4 23. Nxe6 Bxe6 24. Rxe6 Qxb2 25. Rae1 Rc1 26. Qe3 Rxe1+
27. Qxe1 h6 28. g4 Qxb3 29. Re8+ Rxe8 30. Qxe8+ Kh7 31. h3 Qxh3 0-1

[Event "Team men HL chess"]
[Site "?"]
[Date "2015.05.03"]
[Round "3.8"]
[White "Musalov, Ruslan"]
[Black "Gabrielian, Artur"]
[Result "1/2-1/2"]
[WhiteElo "2352"]
[BlackElo "2562"]
[PlyCount "196"]
[EventDate "2015.05.01"]

1. Nf3 g6 2. c4 Bg7 3. Nc3 Nf6 4. g3 O-O 5. Bg2 d6 6. d4 Nc6 7. O-O e5 8. dxe5
dxe5 9. Bg5 Qxd1 10. Raxd1 h6 11. Be3 a6 12. b3 Re8 13. h3 Be6 14. Nd2 Rab8 15.
Bxc6 bxc6 16. Kg2 Nd7 17. Nde4 f5 18. Nc5 Nxc5 19. Bxc5 g5 20. e4 g4 21. hxg4
fxg4 22. Rh1 Rbd8 23. Rxd8 Rxd8 24. Be3 Kf7 25. Rd1 Re8 26. Na4 Kg6 27. Rd3 h5
28. Bd2 Bf6 29. Ba5 Bd8 30. Bc3 Bf6 31. Ba5 Bd8 32. Nc5 Bc8 33. Rd2 Kf7 34. Bc3
Bf6 35. Ba5 Bd8 36. Bc3 Bf6 37. Rd1 Be7 38. Nd3 Bf6 39. Ba5 Re7 40. Nc5 Ke8 41.
Bc3 Rh7 42. Rh1 Kf7 43. Kf1 Kg6 44. Ke2 Rf7 45. a4 Rh7 46. Bd2 Kf7 47. Be3 Be7
48. Kd2 h4 49. gxh4 Rxh4 50. Rxh4 Bxh4 51. Nd3 Ke6 52. Kc3 Be7 53. Ba7 Bb7 54.
Bc5 Bg5 55. Bf8 Kf7 56. Ba3 c5 57. Nxe5+ Ke6 58. Nxg4 Bxe4 59. Bxc5 Bf3 60. Ne3
Bh4 61. Nc2 Kd7 62. b4 c6 63. Be3 Bf6+ 64. Bd4 Bh4 65. Na1 Be7 66. Nb3 Bd1 67.
a5 Ke6 68. Bh8 Kd7 69. f4 Bg4 70. Be5 Bh3 71. Nd2 Bg4 72. Nf1 Be2 73. Ne3 Ke6
74. Bd4 Bd6 75. f5+ Kf7 76. Kd2 Bf3 77. Bc3 Be4 78. Ke2 Bf4 79. f6 Ke6 80. Nf1
Bg2 81. Kf2 Be4 82. Ke2 Bg2 83. Ne3 Bxe3 84. Kxe3 Bf1 85. b5 cxb5 86. c5 Bg2
87. Kf4 b4 88. Bb2 Bd5 89. Kg5 Kd7 90. Bd4 Kc6 91. Kg6 b3 92. f7 Bxf7+ 93. Kxf7
Kd5 94. Bb2 Kxc5 95. Ke6 Kb5 96. Kd5 Kxa5 97. Kc5 Ka4 98. Kc4 a5 1/2-1/2

[Event "Team men HL chess"]
[Site "?"]
[Date "2015.05.03"]
[Round "3.8"]
[White "Rozhko, Dmitry"]
[Black "Nazaretyan, Tigran"]
[Result "0-1"]
[WhiteElo "2334"]
[BlackElo "2202"]
[PlyCount "90"]
[EventDate "2015.05.01"]

1. e4 c5 2. c3 d6 3. d4 Nf6 4. Bd3 Nc6 5. Nf3 Bg4 6. d5 Bxf3 7. Qxf3 Ne5 8.
Bb5+ Ned7 9. O-O g6 10. Bg5 Bg7 11. e5 dxe5 12. d6 exd6 13. Bxf6 Bxf6 14. Qxb7
Ke7 15. Na3 Qc8 16. Qf3 Rb8 17. Rad1 Nb6 18. Bc4 Rd8 19. Qe2 d5 20. Ba6 Qe6 21.
Rfe1 Kf8 22. f4 e4 23. c4 Bd4+ 24. Kh1 f5 25. b3 Bc3 26. cxd5 Nxd5 27. Rf1 Bd4
28. Bc4 Nc3 29. Bxe6 Nxe2 30. g4 Nc3 31. Rde1 Ke7 32. gxf5 Kf6 33. Bc4 gxf5 34.
Nc2 Nxa2 35. Nxd4 cxd4 36. Ra1 Nb4 37. Rxa7 Nd5 38. Rfa1 Nxf4 39. R1a6+ Kg5 40.
Rxh7 Nd5 41. Rg7+ Kf4 42. Rg2 d3 43. Re6 Nc3 44. Rf2+ Ke3 45. Kg2 d2 0-1

[Event "Team men HL chess"]
[Site "?"]
[Date "2015.05.03"]
[Round "3.8"]
[White "Shandrygin, Nikita"]
[Black "Bykov, Egor"]
[Result "1/2-1/2"]
[WhiteElo "2187"]
[BlackElo "2245"]
[PlyCount "120"]
[EventDate "2015.05.01"]

1. e4 c6 2. d4 d5 3. Nd2 dxe4 4. Nxe4 Nd7 5. Ng5 Ngf6 6. Bc4 e6 7. Qe2 Nb6 8.
Bd3 h6 9. N5f3 c5 10. dxc5 Bxc5 11. Ne5 Nbd7 12. Ngf3 Qc7 13. O-O Nxe5 14. Nxe5
O-O 15. Bf4 Bd6 16. Bg3 b6 17. Rad1 Bb7 18. Ng4 Ne8 19. Ne5 Rd8 20. Rfe1 Nf6
21. a3 Bd5 22. c4 Ba8 23. Ng4 Nxg4 24. Qxg4 Bxg3 25. Qxg3 Qxg3 26. hxg3 Rfe8
27. f3 Kf8 28. Kf2 Ke7 29. Ke3 Rd6 30. Be2 Red8 31. Rxd6 Rxd6 32. Rd1 a5 33. b4
Rxd1 34. Bxd1 axb4 35. axb4 Kd6 36. Ba4 e5 37. g4 Bb7 38. Bb3 f6 39. Bc2 Bc6
40. Bb3 Be8 41. Bc2 Bf7 42. Bd3 Bg8 43. Kd2 Be6 44. Ke3 Bf7 45. Kd2 Bg8 46. Ke3
Be6 47. Be2 Kd7 48. Bd3 Kd6 49. Be2 Bf7 50. Bd3 Bg8 51. Kd2 Bf7 52. Ke3 Be6 53.
Be2 Bd7 54. Bd3 Bc8 55. Bc2 Be6 56. Bd3 Kc7 57. Be2 Kd7 58. Bd3 Kd6 59. Be2 Bf7
60. Bd3 Bg8 1/2-1/2

[Event "Team men HL chess"]
[Site "?"]
[Date "2015.05.03"]
[Round "3.9"]
[White "Skomorokhin, Roman"]
[Black "Smirnov, Timofey"]
[Result "1/2-1/2"]
[WhiteElo "2376"]
[BlackElo "2338"]
[PlyCount "64"]
[EventDate "2015.05.01"]

1. d4 Nf6 2. Bf4 e6 3. e3 Be7 4. Bd3 O-O 5. Nd2 c5 6. Ngf3 Nc6 7. c3 d6 8. Qc2
cxd4 9. exd4 Re8 10. O-O b6 11. Rfe1 Bb7 12. Rad1 Rc8 13. Qb1 h6 14. Nf1 Nb8
15. Ng3 Nbd7 16. h3 Rc7 17. Ne4 Nxe4 18. Bxe4 Bxe4 19. Qxe4 Nf6 20. Qd3 Qa8 21.
Bc1 Qd5 22. a3 b5 23. Nh2 a5 24. Nf1 Rb8 25. Ne3 Qe4 26. Qf1 Qb7 27. Qd3 Qe4
28. Qf1 Qb7 29. Qd3 Qe4 30. Qf1 Qb7 31. Qd3 Qe4 32. Qf1 Qb7 1/2-1/2

[Event "Team men HL chess"]
[Site "?"]
[Date "2015.05.03"]
[Round "3.9"]
[White "Tarasov, Alexandr"]
[Black "Zakharov, Aleksej"]
[Result "1-0"]
[WhiteElo "2261"]
[BlackElo "2310"]
[PlyCount "70"]
[EventDate "2015.05.01"]

1. d4 d5 2. c4 dxc4 3. e3 e5 4. Bxc4 exd4 5. exd4 Bd6 6. Nf3 Nf6 7. O-O O-O 8.
Nc3 Bg4 9. h3 Bh5 10. g4 Bg6 11. Ne5 Ne4 12. f4 Nxc3 13. bxc3 Be4 14. Qb3 Qf6
15. Re1 Bxe5 16. dxe5 Qh4 17. Re3 Na6 18. Ba3 Rad8 19. Qb2 Bc6 20. Bxf8 Kxf8
21. Qf2 Qe7 22. Rd3 Rxd3 23. Bxd3 Qa3 24. Qd2 Nc5 25. Bc2 Ne6 26. Bb3 Nc5 27.
Bd5 Be8 28. Qd4 b6 29. Rd1 a5 30. f5 Qb2 31. Qd2 Qb5 32. f6 h6 33. Rf1 g5 34.
c4 Qd7 35. Qc2 Kg8 1-0

[Event "Team men HL chess"]
[Site "?"]
[Date "2015.05.03"]
[Round "3.9"]
[White "Skomorokhin, Vadim"]
[Black "Payanidi, Janis"]
[Result "1/2-1/2"]
[WhiteElo "2342"]
[BlackElo "2264"]
[PlyCount "103"]
[EventDate "2015.05.01"]

1. d4 Nf6 2. Nf3 e6 3. Bg5 Be7 4. Nbd2 d5 5. Bxf6 Bxf6 6. e4 c5 7. exd5 exd5 8.
Bb5+ Nc6 9. Qe2+ Be6 10. Nb3 c4 11. Bxc6+ bxc6 12. Nc5 Qd6 13. Nxe6 fxe6 14.
O-O O-O 15. Rfe1 Rfe8 16. b3 c5 17. Rad1 cxb3 18. cxb3 Rac8 19. dxc5 Rxc5 20.
Nd4 Rcc8 21. Qg4 Bxd4 22. Qxd4 Qc5 23. h3 Qxd4 24. Rxd4 a5 25. f4 Rc5 26. Kf2
Kf7 27. Re2 h6 28. h4 g5 29. g3 gxh4 30. gxh4 Kf6 31. b4 axb4 32. Rxb4 Rec8 33.
Kf3 Rc3+ 34. Kf2 Rh3 35. a4 Rc6 36. Kg2 Ra3 37. h5 Ra6 38. Rb7 R3xa4 39. Rh7
Rxf4 40. Rxh6+ Kf5 41. Rh8 Rfa4 42. Rf8+ Kg4 43. Rf6 Re4 44. Rxe4+ dxe4 45. Kf2
Kg5 46. Rf8 Ra3 47. h6 Rh3 48. h7 Rxh7 49. Ke3 Rh4 50. Rf7 e5 51. Rf8 Rf4 52.
Rg8+ 1/2-1/2

[Event "Team men HL chess"]
[Site "?"]
[Date "2015.05.03"]
[Round "3.9"]
[White "Kovalev, Egor"]
[Black "Talanin, Andrei"]
[Result "1/2-1/2"]
[WhiteElo "2127"]
[BlackElo "2279"]
[PlyCount "79"]
[EventDate "2015.05.01"]

1. e4 c5 2. Nf3 d6 3. d4 cxd4 4. Nxd4 Nf6 5. Nc3 e6 6. g4 e5 7. Nf5 h5 8. g5
Nxe4 9. Nxg7+ Bxg7 10. Nxe4 d5 11. Nf6+ Bxf6 12. gxf6 Be6 13. Qd3 Nc6 14. Bd2
Qd7 15. O-O-O O-O-O 16. Rg1 Kb8 17. Rg5 Rc8 18. Kb1 Qd8 19. Be2 Qxf6 20. Bxh5
Nd4 21. c3 Bf5 22. Rxf5 Qxf5 23. Qxf5 Nxf5 24. Bg4 Nd6 25. Bxc8 Nxc8 26. Be3
Nb6 27. Bxb6 axb6 28. Rxd5 Rxh2 29. Rxe5 Rxf2 30. Re7 Ka7 31. a4 Ka6 32. Ka2
Rf5 33. Ka3 Rf3 34. Kb4 Rf5 35. c4 Rf2 36. b3 Rf3 37. Rd7 Rf5 38. Rd8 Ka7 39.
Rf8 Rf3 40. Re8 1/2-1/2

[Event "Team men HL chess"]
[Site "?"]
[Date "2015.05.03"]
[Round "3.10"]
[White "Tukhaev, Adam"]
[Black "Ponomarenko, Alexandr"]
[Result "1/2-1/2"]
[WhiteElo "2544"]
[BlackElo "2234"]
[PlyCount "59"]
[EventDate "2015.05.01"]

1. e4 e5 2. Nf3 Nc6 3. Bb5 a6 4. Ba4 Nf6 5. d3 b5 6. Bb3 Be7 7. O-O d6 8. c3
O-O 9. Nbd2 d5 10. exd5 Nxd5 11. Ne4 Bg4 12. Ng3 Nf4 13. d4 Ng6 14. h3 Bc8 15.
Qc2 exd4 16. Rd1 Bb7 17. Nxd4 Nxd4 18. Rxd4 Qc8 19. Nf5 Bf6 20. Rg4 Re8 21. Be3
Re5 22. Ng3 c5 23. c4 Qc6 24. Ne2 Nh4 25. Nf4 h5 26. Rg3 Nf5 27. Rf3 Nh4 28.
Rg3 Nf5 29. Rf3 Nh4 30. Rg3 1/2-1/2

[Event "Team men HL chess"]
[Site "?"]
[Date "2015.05.03"]
[Round "3.10"]
[White "Zherebtsova, Alexandra"]
[Black "Yandarbiev, Ruslan"]
[Result "0-1"]
[WhiteElo "2184"]
[BlackElo "2334"]
[PlyCount "74"]
[EventDate "2015.05.01"]

1. d4 Nf6 2. Nf3 g6 3. Bf4 Bg7 4. h3 O-O 5. e3 d6 6. Be2 c5 7. c3 Nc6 8. Bh2
Ne4 9. Qc2 d5 10. Nbd2 Bf5 11. Bd3 cxd4 12. exd4 Rc8 13. Qb1 Qb6 14. Nb3 e5 15.
g4 Nxc3 16. bxc3 Bxd3 17. Qxd3 e4 18. Qe3 exf3 19. O-O Na5 20. Rab1 Nc4 21.
Qxf3 Qc6 22. Rfe1 Rfe8 23. Bf4 b6 24. Rbc1 Re4 25. Rxe4 dxe4 26. Qe2 Re8 27.
Nd2 Nb2 28. Be3 Nd3 29. Rc2 Nb4 30. Rb2 Nd3 31. Rc2 f5 32. f4 Nb4 33. Rb2 Nd5
34. c4 Nxf4 35. Qf1 Nd3 36. Rb3 f4 37. d5 Qd6 0-1

[Event "Team men HL chess"]
[Site "?"]
[Date "2015.05.03"]
[Round "3.10"]
[White "Bimiev, Ahmad"]
[Black "Kayukov, Kirill"]
[Result "0-1"]
[WhiteElo "1996"]
[BlackElo "2071"]
[PlyCount "58"]
[EventDate "2015.05.01"]

1. c4 c5 2. g3 Nc6 3. Bg2 g6 4. Nc3 Bg7 5. e3 e5 6. Nge2 Nge7 7. d4 exd4 8.
exd4 Nxd4 9. Nxd4 cxd4 10. Nb5 d5 11. Qa4 O-O 12. cxd5 Bd7 13. Qb4 Qb6 14. a4
a6 15. Qd6 Qd8 16. Na3 Bxa4 17. Qb4 Qd7 18. O-O a5 19. Qc4 Rfc8 20. Qa2 Bb5 21.
Nxb5 Qxb5 22. Re1 Nf5 23. g4 Nh4 24. Be4 Re8 25. Bf4 Rxe4 26. Rxe4 Qd3 27. Re3
dxe3 28. fxe3 Qe4 29. Kf2 Qg2+ 0-1

[Event "Team men HL chess"]
[Site "?"]
[Date "2015.05.03"]
[Round "3.10"]
[White "Tereshechkina, Maya"]
[Black "Movldiev, Ibragim"]
[Result "1-0"]
[WhiteElo "2068"]
[BlackElo "2054"]
[PlyCount "105"]
[EventDate "2015.05.01"]

1. Nf3 Nf6 2. c4 g6 3. b3 Bg7 4. Bb2 O-O 5. e3 c5 6. Be2 d6 7. O-O e5 8. d3 Re8
9. Nc3 Nbd7 10. a4 Nf8 11. Qc2 Ne6 12. Rfd1 Nd7 13. Nb5 Qe7 14. a5 f5 15. g3 g5
16. d4 cxd4 17. exd4 g4 18. Nh4 exd4 19. Nxf5 Qf6 20. Nxg7 Qxg7 21. Nxd6 Rf8
22. Nxc8 Raxc8 23. Qe4 Ng5 24. Bxd4 Nf6 25. Bxf6 Qxf6 26. Qxg4 h5 27. Qd4 Nh3+
28. Kg2 Qxf2+ 29. Kxh3 Qxe2 30. Re1 Rcd8 31. Qg7+ Kxg7 32. Rxe2 Rf7 33. Rae1
Rd3 34. b4 Rb3 35. b5 Ra3 36. Re5 Rxa5 37. Rxh5 Ra2 38. Kg4 Rc7 39. Rg5+ Kh7
40. h4 Rxc4+ 41. Kh5 Rc7 42. Re6 Kh8 43. Rh6+ Rh7 44. Rd5 Rxh6+ 45. Kxh6 Kg8
46. Rd4 Kf7 47. Rd7+ Kf6 48. Rxb7 a5 49. bxa6 Rxa6 50. g4 Ra2 51. g5+ Kf5 52.
Rb5+ Ke6 53. g6 1-0

[Event "Team men HL chess"]
[Site "?"]
[Date "2015.05.04"]
[Round "4.1"]
[White "Chigaev, Maksim"]
[Black "Kiriakov, Petr"]
[Result "1/2-1/2"]
[WhiteElo "2497"]
[BlackElo "2535"]
[PlyCount "60"]
[EventDate "2015.05.01"]

1. e4 e6 2. d4 d5 3. Nc3 Nf6 4. e5 Nfd7 5. f4 c5 6. Nf3 Nc6 7. Be3 cxd4 8. Nxd4
Bc5 9. Qd2 Bxd4 10. Bxd4 Nxd4 11. Qxd4 Qb6 12. Qd2 Nc5 13. O-O-O Bd7 14. Qd4 a5
15. a3 Bc6 16. h4 h5 17. Rh3 g6 18. Kb1 Nd7 19. Qxb6 Nxb6 20. b3 Ke7 21. a4 Nc8
22. Ne2 Na7 23. Nd4 Bd7 24. Kb2 Rhc8 25. Be2 Rc5 26. Ra1 Nc6 27. Nb5 Na7 28.
Nd4 Nc6 29. Nb5 Na7 30. Nd4 Nc6 1/2-1/2

[Event "Team men HL chess"]
[Site "?"]
[Date "2015.05.04"]
[Round "4.1"]
[White "Zablotsky, Sergei"]
[Black "Levin, Evgeny A"]
[Result "1-0"]
[WhiteElo "2525"]
[BlackElo "2529"]
[PlyCount "107"]
[EventDate "2015.05.01"]

1. c4 Nf6 2. Nc3 g6 3. d4 Bg7 4. e4 d6 5. Nf3 O-O 6. h3 e5 7. d5 Na6 8. Be3 Nh5
9. a3 c5 10. g3 Bd7 11. Nd2 Nf6 12. g4 Kh8 13. Be2 Ng8 14. h4 f5 15. gxf5 gxf5
16. exf5 Bh6 17. Bd3 Bxe3 18. fxe3 Bxf5 19. Bxf5 Rxf5 20. Nde4 Nc7 21. Qg4 Nh6
22. Qg2 Qe7 23. O-O-O Rg8 24. Ng5 a6 25. Qe2 Rgf8 26. Rh2 b5 27. cxb5 axb5 28.
Nxb5 Nxb5 29. Qxb5 Ng4 30. Re2 Nf2 31. Rg1 e4 32. Qc4 Qe5 33. Kc2 Nd3 34. Qc3
Qxc3+ 35. Kxc3 Rxd5 36. Nxe4 Ne5 37. Rd2 Rxd2 38. Nxd2 Ng6 39. Ne4 Nxh4 40.
Nxd6 Rf6 41. Rh1 Ng6 42. Ne4 Re6 43. Rxh7+ Kg8 44. Nxc5 Rxe3+ 45. Kd4 Rxa3 46.
bxa3 Kxh7 47. Kd5 Ne7+ 48. Ke6 Nc6 49. Nb3 Kg7 50. Kd6 Nd8 51. a4 Kf6 52. Kd7
Nf7 53. a5 Ne5+ 54. Kc7 1-0

[Event "Team men HL chess"]
[Site "?"]
[Date "2015.05.04"]
[Round "4.1"]
[White "Usmanov, Vasily"]
[Black "Bocharov, Ivan"]
[Result "1-0"]
[WhiteElo "2460"]
[BlackElo "2489"]
[PlyCount "163"]
[EventDate "2015.05.01"]

1. Nf3 f5 2. d3 d6 3. e4 e5 4. Nc3 c5 5. g3 Nc6 6. Bh3 Nge7 7. Bg5 h6 8. Bxe7
Nxe7 9. Nh4 g6 10. exf5 Bg7 11. Bg2 Bxf5 12. Nxf5 Nxf5 13. Qg4 O-O 14. Qxg6 Qe8
15. Qxe8 Raxe8 16. Bxb7 Nd4 17. Bd5+ Kh8 18. Rc1 h5 19. Nd1 Bh6 20. Ne3 Nf5 21.
Nxf5 Bxc1 22. Nxd6 Re7 23. Nc4 h4 24. Ke2 Bg5 25. a4 Rf6 26. Ra1 Re8 27. a5
Ref8 28. Rf1 Re8 29. Bb7 Rh6 30. a6 hxg3 31. hxg3 Kg7 32. Ra1 Bd8 33. Ra4 Rf6
34. Nd2 Bb6 35. Rg4+ Rg6 36. Re4 Rf6 37. Nc4 Ref8 38. f3 Rh8 39. Kd2 Bc7 40.
Nxe5 Rh2+ 41. Kc3 Ba5+ 42. b4 Bxb4+ 43. Kb3 Ba5 44. Ka4 Bc7 45. Nc6 Bb6 46.
Rg4+ Kf8 47. Ne5 Ke7 48. Rg7+ Kf8 49. Rg5 Rd6 50. Kb3 Rh1 51. f4 Rb1+ 52. Ka2
Rc1 53. Kb2 Rg1 54. g4 Bc7 55. Rf5+ Kg8 56. g5 Rd4 57. c3 Rd6 58. Rf6 Rxf6 59.
gxf6 Rf1 60. Bd5+ Kh7 61. Be4+ Kg8 62. Bd5+ Kh7 63. Nc6 Rxf4 64. Nxa7 Rxf6 65.
Bb7 Bb8 66. Nc6 Rxc6 67. Bxc6 Kg7 68. Kb3 Kf6 69. Kc4 Ba7 70. Kd5 Ke7 71. Bb5
Kd8 72. Kc6 Kc8 73. Bc4 Kb8 74. Bd5 Kc8 75. Be6+ Kb8 76. Bf5 Ka8 77. Bc8 Kb8
78. Bb7 c4 79. d4 Bb6 80. Kb5 Bd8 81. Kxc4 Bh4 82. Kd5 1-0

[Event "Team men HL chess"]
[Site "?"]
[Date "2015.05.04"]
[Round "4.1"]
[White "Anikonov, Dmitry"]
[Black "Palchun, Grigory"]
[Result "1/2-1/2"]
[WhiteElo "2320"]
[BlackElo "2299"]
[PlyCount "117"]
[EventDate "2015.05.01"]

1. d4 Nf6 2. c4 e6 3. Nf3 Bb4+ 4. Bd2 Qe7 5. g3 Bxd2+ 6. Nbxd2 d6 7. Bg2 e5 8.
Nf1 O-O 9. Ne3 c6 10. O-O e4 11. Nd2 Re8 12. Qb3 Na6 13. Rac1 Nc7 14. Rc2 Rb8
15. Qa3 a6 16. Rd1 h5 17. h4 g6 18. b4 d5 19. cxd5 Ncxd5 20. Nxd5 cxd5 21. e3
Ng4 22. Rdc1 g5 23. hxg5 Qxg5 24. Qa5 Qf5 25. Nf1 b6 26. Qa4 Bb7 27. Bh3 Rec8
28. Bxg4 Qxg4 29. Rc7 Qe6 30. Qd1 Rxc7 31. Rxc7 Qd6 32. Rc2 Qg6 33. Rc7 Bc8 34.
Qc2 Bh3 35. Qc6 Qf5 36. Nh2 Kh7 37. Qd6 Rg8 38. Qf4 Qxf4 39. exf4 Rg7 40. Nf1
h4 41. Ne3 hxg3 42. Nxd5 gxf2+ 43. Kxf2 Rg2+ 44. Ke3 Kg7 45. Nc3 Bf5 46. Nxe4
Rxa2 47. Nd6 Ra3+ 48. Kd2 Ra2+ 49. Ke3 Ra3+ 50. Kd2 Ra2+ 51. Kc1 Be6 52. f5 Bd5
53. Ne8+ Kh6 54. Nf6 Bb3 55. Rc3 Ba4 56. Nd5 a5 57. Rh3+ Kg5 58. Nc3 Kg4 59.
Rd3 1/2-1/2